Statistiques concernant Les 10 pays ayant le taux de meurtre le plus élevé

Cliquez ici pour prendre le quiz!

Statistiques générales

  • Ce quiz a été pris 319 fois
  • Le résultat moyen est 8 sur 14

Statistiques - réponses

* Taux de meurtreHintPays% Correct
29.53AmeriquesBresil
92%
25.50AmeriquesColombie
91%
56.33AmeriquesVenezuela
80%
56.52AmeriquesHonduras
71%
82.84AmeriquesSalvador
66%
27.26AmeriquesGuatemala
64%
33.97AfriqueAfrique du Sud
55%
37.60AmeriquesBelize
55%
47.01AmeriquesJamaique
53%
28.40AmeriquesBahamas
31%
30.88AmeriquesTrinité-et-Tobago
30%
34.23AmeriquesSaint-Christophe-et-Niévès
26%
36.46AmeriquesSaint-Vincent-et-les-Grenadines
26%
41.25AfriqueLesotho
11%

Distribution des résultats

Percentile par nombre de réponses

% des personnes avec chaque résultat

Votre développement - résultats

Vous n’avez pas pris ce quiz